Loading...
| Fine Arts - Other | 1 | 2 | 0 | 0 | 35 | 78 | 98.00 | 0 | 0 | 6.34 | 19.44 |
| Social Science | 2 | 0 | 0 | 0 | 30 | 53 | 58.00 | 1 | 2 | 11.92 | 18.06 |
| History - American | 1 | 0 | 0 | 0 | 15 | 59 | 59.00 | 0 | 1 | 5.46 | 8.33 |
| History - Other | 0 | 1 | 0 | 0 | 10 | 86 | 86.00 | 0 | 0 | 18.15 | 12.50 |
| Fine Arts - Classical Music | 0 | 1 | 0 | 0 | 10 | 134 | 134.00 | 0 | 0 | 0.00 | 2.78 |
| History - World | 0 | 1 | 0 | 1 | 10 | 121 | 121.00 | 0 | 0 | 0.09 | 1.39 |
| Fine Arts - Painting and Sculpture | 0 | 1 | 0 | 0 | 10 | 120 | 120.00 | 0 | 0 | 1.38 | 4.17 |
| History - European | 0 | 1 | 0 | 0 | 10 | 111 | 111.00 | 0 | 0 | 1.24 | 6.94 |
| Philosophy | 0 | 1 | 0 | 0 | 10 | 128 | 128.00 | 0 | 0 | 0.65 | 6.94 |
| Literature - European | 0 | 0 | 0 | 0 | 0 | 0.00 | 0 | 0 | 0.00 | 0.00 | |
| Mythology | 0 | 0 | 0 | 0 | 0 | 0.00 | 0 | 0 | 0.00 | 0.00 | |
| Science - Other | 0 | 0 | 2 | 0 | -10 | 0.00 | 0 | 0 | 0.00 | 0.00 |